00921cam a2200241 a 450000100100000000500170001000800410002701000130006802000150008102000220009604000250011808200160014310000430015924500840020226000570028630000260034349000310036950400730040070000360047383000360050995201190054599900150066400000665020200929153950.0860416s1973 ve b 000 0 spa  a83197631 a8466000615 a8466000607 (pbk.) aDO-SdBNPbspacBNPHU axxxxbC972s1 aCunha, Euclides da,d1866-1909.91848514aLos sertones /cEuclides da Cunha ; prologo, notas y cronologia, Glauber Rocha. aCaracas, Venezuela :bCasa de Las Américas,c1973. axiv, 747 p. ;c19 cm.1 aLiteratura Latinoamericana aIncluye referencias bibliográficas y notas al pie de las páginas1 aRocha, Glauber,epról.918486 0aLiteratura Latinoamericana9500 001052708MOaGRbGRcCTd2009-09-01iLF1l0oxxxx C972sp6650-10r2020-06-25w2020-06-25y2ZPréstamo interno c6440d6440